00525nam a2200157 a 450000500170000000800410001702000180005805000230007610000180009924500500011726000320016730000090019944000250020899900190023395201150025220140412111223.0091205s19uu xx 00 eng d a0-439-87129-8 aTR(PS EbTa11 2007 aParker, David aTaking care of the class pet /cDavid Parker. aU.S.A :bScholastic,c2007. aunp. aThe Best me I can be c101983d101983 001040aELbELcTRd2009-12-05eGiftg95.00l0oTR(PS E Ta11 2007pE0224r2014-04-12 00:00:00w2014-04-12yBK